Medium Sized Countries - Statistics

General Stats
  • This quiz has been taken 93 times
  • The average score is 10 of 20
Answer Stats
Total Area (square km) Country % Correct
109,884 Cuba
65%
130,373 Nicaragua
62%
131,990 Greece
61%
163,610 Tunisia
59%
176,215 Uruguay
59%
112,492 Honduras
57%
108,889 Guatemala
56%
100,210 South Korea
55%
120,538 North Korea
54%
93,028 Hungary
52%
103,000 Iceland
49%
163,820 Suriname
46%
110,879 Bulgaria
45%
147,181 Nepal
45%
114,763 Benin
41%
147,570 Bangladesh
33%
117,600 Eritrea
30%
118,484 Malawi
30%
143,100 Tajikistan
30%
111,369 Liberia
28%
No matching quizzes found
Score Distribution
Percent of People with Each Score
Percentile by Number Answered
Your Score History
You have not taken this quiz